[Event "NRW U18 op"]
[Site "Olpe"]
[Date "2005.10.02"]
[Round "3.19"]
[White "Liu, Xing"]
[Black "Karmann, Anna"]
[Result "0-1"]
[WhiteElo "1468"]
[BlackElo "1721"]
[PlyCount "72"]
[EventDate "2005.10.01"]
[EventType "swiss"]
[EventRounds "7"]
[EventCountry "GER"]
[SourceTitle "CBM 108 Extra"]
[Source "ChessBase"]
[SourceDate "2005.11.04"]
[SourceVersion "1"]
[SourceVersionDate "2005.11.04"]
[SourceQuality "1"]

1. e4 Nf6 2. Nc3 d5 3. exd5 Nxd5 4. d4 g6 5. Bc4 Nb6 6. Bb3 Bg7 7. Nce2 0-0 8. Be3 a5 9. a3 Nc6 10. c3 Be6 11. Bxe6 fxe6 12. Qd3 e5 13. Nf3 Qd5 14. Ng3 exd4 15. Bxd4 e5 16. Rd1 exd4 17. cxd4 Rae8+ 18. Ne2 Qe4 19. Qxe4 Rxe4 20. d5 Ne7 21. Ng5 Re5 22. Ne6 Rc8 23. Nxg7 Kxg7 24. d6 cxd6 25. Rxd6 Nbd5 26. Kd2 Nf6 27. f3 Nf5 28. Rd3 Rec5 29. Rc1 Rxc1 30. Nxc1 Rc7 31. Rd8 Rd7+ 32. Rxd7+ Nxd7 33. Nd3 Kf6 34. g4 Nd6 35. h4 Ne5 36. Nxe5 Kxe5 0-1

[Event "NRW U18 op"]
[Site "Olpe"]
[Date "2005.10.01"]
[Round "1.8"]
[White "Liu, Xing"]
[Black "Fox, Daniel"]
[Result "0-1"]
[WhiteElo "1468"]
[BlackElo "1973"]
[PlyCount "46"]
[EventDate "2005.10.01"]
[EventType "swiss"]
[EventRounds "7"]
[EventCountry "GER"]
[SourceTitle "CBM 108 Extra"]
[Source "ChessBase"]
[SourceDate "2005.11.04"]
[SourceVersion "1"]
[SourceVersionDate "2005.11.04"]
[SourceQuality "1"]

1. e4 e6 2. d4 d5 3. exd5 exd5 4. Nf3 Nc6 5. c3 Bd6 6. Bb5 Nge7 7. 0-0 Bg4 8. Bg5 f6 9. Bh4 Qd7 10. Nbd2 0-0-0 11. Qa4 g5 12. Bg3 h5 13. b4 Kb8 14. Bxc6 Nxc6 15. Bxd6 Qxd6 16. Qb3 h4 17. Rfe1 Bxf3 18. Nxf3 Qf4 19. Re2 h3 20. Re3 hxg2 21. Kxg2 g4 22. Ng1 Rxh2+ 23. Kf1 Qxf2# 0-1

[Event "SJNR-ch U16"]
[Site "Kranenburg"]
[Date "2005.01.04"]
[Round "4"]
[White "Otten, Thomas"]
[Black "Liu, Xing"]
[Result "1-0"]
[WhiteElo "1567"]
[BlackElo "1350"]
[PlyCount "133"]
[EventDate "2005.01.02"]
[EventType "swiss"]
[EventRounds "7"]
[EventCountry "GER"]
[SourceTitle "EXT 2007"]
[Source "ChessBase"]
[SourceDate "2006.11.23"]
[SourceVersion "1"]
[SourceVersionDate "2006.11.23"]
[SourceQuality "1"]

1. e4 e5 2. Nc3 Nc6 3. Bc4 Bc5 4. Qg4 Qf6 5. Nd5 Bxf2+ 6. Kd1 Qg6 7. Qxg6 hxg6 8. Nxc7+ Kd8 9. Nxa8 f5 10. d3 f4 11. Bd2 Nf6 12. Ke2 Bxg1 13. Raxg1 d6 14. h3 Nh5 15. Be1 Be6 16. Bxe6 Nd4+ 17. Kd1 Nxe6 18. Ba5+ Kd7 19. Nb6+ axb6 20. Bxb6 Ng3 21. Rh2 Nc5 22. b4 Na4 23. Bf2 Nc3+ 24. Kd2 Rc8 25. Bxg3 fxg3 26. Rhh1 Nxa2 27. Rb1 Nc3 28. Rb3 Nb5 29. Rf1 Ke7 30. c3 Nc7 31. Rf3 Ne6 32. Rxg3 Nf4 33. Ra3 Kf6 34. Rf3 Ke7 35. Rf2 d5 36. exd5 Nxd5 37. Re2 Kd6 38. g3 g5 39. Rf2 Ke6 40. Rf1 g6 41. Rd1 Kd6 42. Rb1 Rh8 43. Rh1 Rf8 44. Ke2 Rc8 45. c4 Nxb4 46. Rb3 Kc5 47. Rhb1 Nc6 48. Rxb7 Rh8 49. R1b5+ Kd4 50. Kd2 Rd8 51. Rd5+ Rxd5 52. cxd5 Kxd5 53. Rg7 e4 54. dxe4+ Kxe4 55. Rxg6 Ne5 56. Re6 Kf5 57. Ra6 Ke4 58. Ke2 Kf5 59. Ra4 Kf6 60. Ke3 Nd7 61. Kf3 Ne5+ 62. Ke4 Nd7 63. Ra6+ Kf7 64. Ra7 Ke6 65. Rxd7 Kxd7 66. Kf5 g4 67. Kxg4 1-0

[Event "NRW Holiday U16"]
[Site "Wewelsburg"]
[Date "2003.09.12"]
[Round "7"]
[White "Liu, Xing"]
[Black "Commer, Kevin"]
[Result "0-1"]
[WhiteElo "1206"]
[BlackElo "1361"]
[PlyCount "72"]
[EventDate "2003.09.??"]
[EventType "swiss"]
[EventRounds "7"]
[EventCountry "GER"]
[SourceTitle "EXT 2005"]
[Source "ChessBase"]
[SourceDate "2004.11.15"]
[SourceVersion "1"]
[SourceVersionDate "2004.11.15"]
[SourceQuality "1"]

1. e4 c5 2. Nf3 Nc6 3. c3 d5 4. e5 d4 5. Bb5 a6 6. Bxc6+ bxc6 7. Qa4 Bb7 8. cxd4 cxd4 9. Nxd4 Qd5 10. 0-0 e6 11. Nc3 Qd7 12. d3 Bc5 13. Be3 Ne7 14. Ne4 Bxd4 15. Nd6+ Kf8 16. Qxd4 Nf5 17. Nxf5 Qc7 18. Qc5+ Ke8 19. Nd6+ Kd8 20. Bg5+ Kd7 21. Qd4 c5 22. Nb5+ cxd4 23. Nxc7 Kxc7 24. Rac1+ Kd7 25. Rc4 f6 26. Rxd4+ Ke7 27. exf6+ gxf6 28. Bh4 Rhg8 29. Bg3 e5 30. Rc4 Ke6 31. Rd1 f5 32. f3 f4 33. Bf2 Bxf3 34. Rd2 Rxg2+ 35. Kf1 Rxh2 36. Kg1 Rh1# 0-1

[Event "NRW Holiday U16"]
[Site "Wewelsburg"]
[Date "2003.09.07"]
[Round "3"]
[White "Liu, Xing"]
[Black "Harff, Marcel"]
[Result "0-1"]
[WhiteElo "1206"]
[BlackElo "1520"]
[PlyCount "82"]
[EventDate "2003.09.??"]
[EventType "swiss"]
[EventRounds "7"]
[EventCountry "GER"]
[SourceTitle "EXT 2005"]
[Source "ChessBase"]
[SourceDate "2004.11.15"]
[SourceVersion "1"]
[SourceVersionDate "2004.11.15"]
[SourceQuality "1"]

1. e4 c6 2. d4 d5 3. e5 Bf5 4. Nf3 e6 5. Bd3 Ne7 6. Bg5 Bxd3 7. Qxd3 h6 8. Bxe7 Bxe7 9. Nbd2 Nd7 10. 0-0 Qb6 11. Qb3 c5 12. Qxb6 Nxb6 13. b3 cxd4 14. Nxd4 Bb4 15. Rad1 Rc8 16. Rfe1 a6 17. Re3 Nd7 18. Nb1 Bc5 19. c3 b5 20. b4 Bb6 21. Re2 0-0 22. Nb3 Rc7 23. Rc1 Rfc8 24. Kf1 d4 25. Ree1 dxc3 26. f4 Rc4 27. g3 g5 28. Na3 Rxb4 29. Red1 Nf8 30. Rd6 Be3 31. Rc2 gxf4 32. gxf4 Bxf4 33. Rd4 Rxd4 34. Nxd4 Bxe5 35. Nf3 Bd6 36. Nb1 b4 37. a3 bxa3 38. Rxc3 a2 39. Rxc8 axb1Q+ 40. Kf2 Kg7 41. Rc4 Qa2+ 0-1